00548nam a2200181Ia 4500008004100000020002200041041000800063082001500071100001600086245002000102260004000122300001400162365000800176650001500184700001600199999002100215952013000236260330s2020 xx 000 0 und d a978-1-405-97759-3 aeng a658.4bSIS aSIMON SINEK aSTARTS WITH WHY aPunebPENGUIN BOOKS LTD. PUNEc2020 a249pgbPB cRs. aLeadership aSIMON SINEK c1218217d1218217 00104070aAKSbAKSd2026-01-21eBMSGB, Puneg629.10l0o658.4/SISpAKS-C-04697r2026-03-30 00:00:00v629.10w2026-03-30yBK